00656nam a2200205 a 4500020001500000082001600015100002200031245005400053250001200107260003700119300002700156650002600183650002700209650002500236650002600261700002500287942000700312999001500319952011600334 a031627715000a618.042 FEI1 aFeingold, Murray,10aGenetics and birth defects in clinical practice / a1st ed. aBoston :bLittle, Brown,cc1983. axiii, 265 p. :bill. ; 0aAbnormalities, Human. 0aSyndromes in children. 0aAbnormalities, Human 0aSyndromes in children1 aPashayan, Hermine M. cBK c1457d1457 0010708NFICaICbICcGENd2015-07-05l1o618.042 FEIp000658r2022-11-17 00:00:00s2019-05-26w2015-07-05yBK